000 00509nam a2200157 4500
001 116152
003 ES-MaACL
005 20230906190639.0
007 t|
008 061121s1968 sp r ||||1| spa d
100 0 _aParís Eguilaz, Higinio.
_989148
245 1 0 _aEvolución política y económica de la España Contemporánea /
_cpor Higinio Paris Eguilaz.
260 _aMadrid :
_b[s.n.],
_c1968 (
_fImp. Sucs. J. Sánchez de Ocaña)
300 _a338 p. ;
_c24 cm.
852 _aES-MaACL
_jC-34923
_bR.68009
999 _c116152
_d116152